00969 2200301 4500001002100000005001500021035002000036007000300056008004100059020002200100040002200122082001600144084001800160090001800178100002900196245014300225300005100368650002200419700002300441850001200464504003300476264004400509336002100553337003000574338002300604990002000627990002000647INLIS00000000089686020250610111908 a0010-0625000231ta250610s2024 yoia g ind d a978-623-00-6039-7 aYOPDYOGbinderda04223a381.142 a381.142 RAH b a381.142 RAH b0 aRaharja PutraePengarang10aBuku praktis copywriting :bpanduan mengomunikasikan selling, marketing, dan branding melalui tulisan /cRaharja Putra; penyunting, Ghulam axiv, 440 halaman :bilustrasi, gambar ;c21 cm 4aPemasaran digital0 aGhulamePenyunting aYOPDYOG aBibliografi: halaman 435-43731aJakarta :bElex Media Komputindo,c2024 2rdacontentateks 2rdamediaatanpa perantara 2rdacarrieravolume a48724-PD/B.2025 a48725-PD/B.2025